000 01308nam2a2200205 4500
001 RU\NLR\PER_A\011142757_000770
005 20251207045726.0
035 _a(NLR Aleph) 022675891
090 _a13473580
_c13473580
100 _a20251201d2025 u y0rusy50 ca
101 0 _arus
102 _aRU
200 0 _a27, 3 (133)
210 _d2025
461 0 _1001RU\NLR\Per\1231803
_12001#$aМагарач. Виноградарство и виноделие$eнаучно-производственный журнал$fФедерал. гос. бюдж. учреждение науки "Всерос. нац. НИИ виноградарства и виноделия "Магарач" РАН" (ФГБУН ВННИИВиВ "Магарач" РАН")$v27, 3 (133)
_911628130
_cЯлта
_d2016 -
_fФедерал. гос. бюдж. учреждение науки "Всерос. нац. НИИ виноградарства и виноделия "Магарач" РАН" (ФГБУН ВННИИВиВ "Магарач" РАН")
_nФГБУН ВННИИВиВ "Магарач" РАН"
_oнаучно-производственный журнал
_tМагарач. Виноградарство и виноделие
_x2309-9305
_v27, 3 (133)
852 _aNLR
_jП11/6129
942 _cISSUE
980 _aRUSPER
980 _aNB